000 00292nam a22001337a 4500
008 170522b xxu||||| |||| 00| 0 eng d
020 _a9781588342973
041 _aeng
080 _a94(6)
100 _a16
101 _aSHH
245 _aTHE SHACKLED CONTINENT
_cGUEST, R
942 _2udc
_cBK
999 _c13645
_d13645